00590nam a2200193 a 4500001000400000003000800004005001700012008004100029035001900070040003500089041000800124082002400132100002100156245005800177260004400235300002800279504006200307650002700369989BD-RjUL20211208233248.0161206s1980 bg a|||| b||| 001 0 eng d a(BD-RjUL) 1011 aBD-RjULbengcBD-RjULdBD-RjUL aeng00a025.1bWAA 19802231 aWahiduzzaman, M.10aApproach to library administration /cM. Wahiduzzaman aBangladesh :bUniversity Press, c1980. a104 p. :bill ;c22 cm. aIncludes index and bibliographical references p.(99-101) 0aLibrary administration